Responses for Show #5434 - Thursday, April 3, 2008

Contestants

[<< previous game]

Rich House, an English professor from Terre Haute, Indiana

Ellen Lucast, a graduate student and radio deejay from Minneapolis, Minnesota

Bill Moore, a national security consultant from Arlington, Virginia (whose 1-day cash winnings total $18,399)

[next game >>]

Jeopardy! Round responses

AFRICAN GEOGRAPHY
OPENING NUMBERS OF MUSICALS
WHO MIGHT HAVE SAID IT?
ANNUAL EVENTS
THE 2007 FORBES 400
"I" POD
    $200 1
the Atlantic

Ellen
    $200 26
Hair

Ellen
    $200 17
Jack Bauer

Bill
    $200 6
Theodore Roosevelt

Bill
    $200 16
Warren Buffett

Rich
    $200 11
interest

Bill
    $400 2
South Africa

Bill
    $400 27
A Chorus Line

Ellen
    $400 22
Helen of Troy

Ellen
    $400 7
Macy's

Bill
    $400 18
[NOTE: The "in" between "room" and "1984" was missing from the clue as displayed, though Alex said "...dorm room in 1984" when he read it.]

Michael Dell

Rich
    $400 12
ivory

Bill
    $600 3
(Prince) Albert

Ellen
    $600 28
Chicago

Rich
    $600 23
Andy Rooney

Bill
    $600 8
Japan

Bill
    $600 19
(Michael) Bloomberg

Rich
    $600 13
infantile

Rich
    $800 4
the Great Rift

Bill
    $800 29
My Fair Lady

Ellen
    $3,000 24
(Alex: He's the one. Talked a long, long time.)

William Henry Harrison

Bill
    $800 9
Neptune

Ellen
    $800 20
Ross Perot

Rich
    $800 14
immemorial

Ellen
    $1000 5
Burkina Faso

Bill
    $1000 30
(Bill: What is Cabaret?)

Kiss Me, Kate

Bill
Triple Stumper
    $1000 25
(Alex: Who was [*]? And you know where the sons were.)
[ERRATUM: Tamora is spelled with only one "R".]

Titus Andronicus

Triple Stumper
    $1000 10
Washington State

Bill
    $1000 21
Ted Turner

Triple Stumper
    $1000 15
Innsbruck

Bill

Scores at the first commercial break (after clue 13):

Bill Ellen Rich
$5,000 $1,600 $600

Scores at the end of the Jeopardy! Round:

Bill Ellen Rich
$8,800 $4,200 $3,200

Double Jeopardy! Round responses

THE QUASI-WAR WITH FRANCE
WHAT I REALLY WANT TO DO IS DIRECT
QUESTIONS FROM A 1927 QUIZ BOOK
THE IOWA STATE FAIR
LITERATURE PUZZLES ME
10-LETTER WORDS
    $400 3
John Adams

Bill
    $400 26
Alfred Hitchcock

Ellen
    $400 11
the League of Nations

Bill
    $400 18
the Tunnel of Love

Rich
    $400 1
Robin Hood

Ellen
    $400 5
a coronation

Bill
    $800 4
"Old Ironsides"

Ellen
    $800 27
Woody Allen

Bill
    $800 12
the Democratic Party

Bill
    $3,000 19
Rodgers & Hammerstein

Rich
    $800 2
On the Road

Bill
    $800 7
the deductible

Rich
    $1200 6
(Bill: What is the Atlantic?)

the Caribbean

BillRich
    $1200 28
(Bob) Fosse

Rich
    $1200 13
the Treasury Department

Bill
    $1200 20
4-H

Ellen
    $1200 22
"One if by land, two if by sea"

Rich
    $1200 8
sophomoric

Ellen
    $1600 16
(Bill: Uh, what is land?)
(Rich: What is peace?)

defense

BillRich
Triple Stumper
    $1600 29
(Alex: That would be her guy, [*].)

Sam Shepard

Triple Stumper
    $1600 14
(1 of) Peru & Chile

Triple Stumper
    $1600 21
Halston

Triple Stumper
    $1600 24
The Catcher in the Rye

Rich
    $1600 9
spelunking

Bill
    $4,000 17
(Bill: What are "S", "P", "Y"?)

X, Y & Z

Bill
    $2000 30
(Jean-Michel) Basquiat

Rich
    $2000 15
(Ellen: Oh! [Shakes head])

Charles Gates Dawes

Ellen
Triple Stumper
    $2000 23
rubber chicken

Triple Stumper
    $2000 25
Howards End

Rich
    $2000 10
compatible

Triple Stumper

Scores at the end of the Double Jeopardy! Round:

Bill Ellen Rich
$8,400 $6,200 $15,000

[wagering suggestions for these scores]

Final Jeopardy! Round responses

SPORTS FIRSTS
EllenWhat is Toronto
$3,601
BillWhat is Toronto?
$8,399
RichWhat is Toronto?
$1,801
Toronto

Final scores:

Bill Ellen Rich
$16,799 $9,801 $16,801
2nd place: $2,000 3rd place: $1,000 New champion: $16,801

Game dynamics:

Coryat scores:

Bill Ellen Rich
$10,200 $6,200 $12,800
21 R
(including 1 DD),
4 W
(including 1 DD)
13 R,
1 W
15 R
(including 1 DD),
1 W

Combined Coryat: $29,200

[game clues] [game scores] [suggest correction]

Game tape date: 2007-12-05
The J! Archive is created by fans, for fans. Scraping, republication, monetization, and malicious use prohibited; this site may use cookies and collect identifying information. See terms. The Jeopardy! game show and all elements thereof, including but not limited to copyright and trademark thereto, are the property of Jeopardy Productions, Inc. and are protected under law. This website is not affiliated with, sponsored by, or operated by Jeopardy Productions, Inc. Join the discussion at JBoard.tv.